Análisis crítico de tres enfoques del uso de la informática en la educación (Record no. 62360)

MARC details
000 -CABECERA
campo de control de longitud fija 00598nam a2200217 a 4500
005 - FECHA Y HORA DE LA ÚLTIMA TRANSACCIÓN
campo de control 20210219152849.0
008 - ELEMENTOS DE LONGITUD FIJA--INFORMACIÓN GENERAL
campo de control de longitud fija 991125n 000 0 spa u
035 ## - NÚMERO DE CONTROL DEL SISTEMA
Número de control de sistema UPN01000064002
100 ## - ASIENTO PRINCIPAL--NOMBRE PERSONAL
Nombre de persona STREIBEL, Michael J.
222 ## - TÍTULO CLAVE
Título clave REVISTA DE EDUCACION
245 ## - MENCIÓN DE TÍTULO
Título Análisis crítico de tres enfoques del uso de la informática en la educación
300 ## - DESCRIPCIÓN FÍSICA
Extensión 305-33
362 ## - FECHAS DE PUBLICACIÓN Y/O DESIGNACIÓN SECUENCIAL
Fecha de publicación y/o designación secuencial 1989 No. 288 ene.-abr.
653 0# - TERMINO DE INDIZACION - NO CONTROLADO
Término no controlado AUTOMATIZACION
653 0# - TERMINO DE INDIZACION - NO CONTROLADO
Término no controlado COMPUTADORA
653 0# - TERMINO DE INDIZACION - NO CONTROLADO
Término no controlado CURRICULUM
653 0# - TERMINO DE INDIZACION - NO CONTROLADO
Término no controlado EDUCACION FORMAL
653 0# - TERMINO DE INDIZACION - NO CONTROLADO
Término no controlado ENSEÑANZA
904 ## - ELEMENTOS DE DATOS D LOCAL, LDD (RLIN)
a AC
b 001813
905 ## - TIPO DE MATERIAL
Tipo de material Articulo

No items available.